000
00443nam a2200169Ia 4500
008
090711s9999 xx 000 0 und d
082
_b
66789
100
_a
मेहता शशिकला
245
_a
तुळसा
260
_c
1991
300
_a
207
600
_a
मेहता शशिकला
630
_a
तुळसा
700
_a
मेहता शशिकला
730
_a
तुळसा
942
_c
BOOK
999
_c
283738
_d
283738